Biggest German Cities within 50 kilometres - Statistics

General Stats
  • This quiz has been taken 403 times
  • The average score is 24 of 56
Answers on the Map
Answers color-coded by a green-red scale on the quiz's map according to % correct below.
 
Answer Stats
Population City % Correct
3 520 031 Berlin
99%
1 450 381 Munich
90%
1 787 408 Hamburg
88%
732 688 Frankfurt am Main
87%
58 092 Frankfurt (Oder)
87%
1 060 582 Cologne
81%
623 738 Stuttgart
71%
543 825 Dresden
70%
557 464 Bremen
69%
586 181 Leipzig
67%
509 975 Nuremberg
62%
612 178 Dortmund
61%
532 163 Hanover
61%
246 306 Kiel
61%
245 885 Aachen
52%
178 151 Saarbrücken
51%
206 011 Rostock
49%
226 393 Freiburg im Breisgau
47%
305 780 Mannheim
47%
286 374 Augsburg
45%
216 253 Lübeck
43%
235 723 Magdeburg
42%
122 636 Ulm
41%
333 090 Bielefeld
40%
114 025 Bremerhaven
40%
310 039 Münster
40%
248 645 Chemnitz
39%
210 118 Erfurt
39%
84 694 Flensburg
39%
307 755 Karlsruhe
39%
197 984 Kassel
36%
145 465 Regensburg
35%
112 586 Koblenz
34%
82 859 Konstanz
34%
132 438 Ingolstadt
33%
92 138 Schwerin
33%
251 364 Braunschweig
32%
114 914 Trier
32%
50 566 Passau
30%
124 873 Würzburg
30%
99 491 Cottbus
29%
50 694 Emden
23%
55 255 Görlitz
23%
67 253 Fulda
21%
63 602 Neubrandenburg
21%
58 041 Stralsund
21%
60 889 Rosenheim
19%
26 821 Garmisch-Partenkirchen
18%
83 628 Giessen
18%
102 355 Siegen
18%
65 624 Kempten (Allgäu)
17%
67 509 Landshut
16%
58 465 Offenburg
16%
40 269 Stendal
12%
42 217 Nordhausen
11%
41 817 Weiden in der Oberpfalz
8%
No matching quizzes found
Score Distribution
Percent of People with Each Score
Percentile by Number Answered
Your Score History
You have not taken this quiz